[Event "Bethune op 21st"]
[Site "Bethune"]
[Date "2000.??.??"]
[Round "6"]
[White "Jagodzinski, Andreas"]
[Black "Pelerin, Martin"]
[Result "1-0"]
[WhiteElo "2175"]
[BlackElo "1710"]
[PlyCount "113"]
[EventDate "2000.12.26"]
[EventType "swiss"]
[EventRounds "7"]
[EventCountry "FRA"]
[SourceTitle "EXT 2003"]
[Source "ChessBase"]
[SourceDate "2002.11.25"]
[SourceVersion "1"]
[SourceVersionDate "2002.11.25"]
[SourceQuality "1"]

1. e4 e5 2. f4 exf4 3. Bc4 d5 4. exd5 Qh4+ 5. Kf1 Nf6 6. Nf3 Qh5 7. Nc3 Bg4 8. Qe2+ Kd8 9. d3 Bxf3 10. Qxf3 Qxf3+ 11. gxf3 g5 12. h4 Bh6 13. Ne2 gxh4 14. Bxf4 Bxf4 15. Nxf4 Nbd7 16. Rxh4 Ne5 17. Kf2 Ng6 18. Nxg6 fxg6 19. Re1 Kd7 20. Re6 Raf8 21. Rf4 Ne8 22. Rfe4 Nd6 23. Rg4 Re8 24. Bb3 Rhf8 25. c4 c6 26. Rxe8 Rxe8 27. dxc6+ bxc6 28. Rd4 Kc7 29. Rf4 Nf5 30. d4 h5 31. Bc2 Rf8 32. Bxf5 gxf5 33. Kg3 Kd6 34. Kh4 Ke6 35. Kxh5 Rh8+ 36. Kg5 Rg8+ 37. Kh4 Rg2 38. b3 Rxa2 39. Kg3 Rb2 40. Rh4 Rxb3 41. Rh6+ Kd7 42. Rh7+ Kd8 43. Rxa7 Rb4 44. Kf4 Rxc4 45. Ke5 f4 46. Rf7 c5 47. d5 Ke8 48. Rxf4 Rxf4 49. Kxf4 Ke7 50. Ke5 Kd7 51. f4 Ke7 52. f5 Kd7 53. f6 Ke8 54. Ke6 c4 55. f7+ Kf8 56. d6 c3 57. d7 1-0

[Event "Dortmund op-A"]
[Site "Dortmund"]
[Date "1999.07.18"]
[Round "10"]
[White "Naiditsch, Irina"]
[Black "Jagodzinski, Andreas"]
[Result "1/2-1/2"]
[WhiteElo "2088"]
[BlackElo "2197"]
[PlyCount "56"]
[EventDate "1999.07.??"]
[EventType "swiss"]
[EventRounds "10"]
[EventCountry "GER"]
[SourceTitle "EXT 2002"]
[Source "ChessBase"]
[SourceDate "2001.11.25"]
[SourceVersion "1"]
[SourceVersionDate "2001.11.25"]
[SourceQuality "1"]

1. e4 c6 2. d4 d5 3. exd5 cxd5 4. c4 Nf6 5. Nc3 e6 6. Bg5 Bb4 7. Qa4+ Nc6 8. cxd5 Qxd5 9. Bxf6 gxf6 10. a3 Bxc3+ 11. bxc3 Bd7 12. Qc4 Qa5 13. Ne2 Rc8 14. Qb3 e5 15. dxe5 fxe5 16. Rd1 Nd4 17. Nxd4 exd4 18. Qb4 Qe5+ 19. Be2 dxc3 20. 0-0 a5 21. Qxb7 Be6 22. Bb5+ Kf8 23. Rfe1 c2 24. Rc1 Qc3 25. Qe4 Qxa3 26. Rxc2 Rxc2 27. Qxc2 Qb3 28. Qxb3 Bxb3 1/2-1/2